Top 100 X-Men Characters - Statistics

General Stats
  • This quiz has been taken 455 times
    426 since last reset
  • The average score is 44 of 100
Answer Stats
Answer % Correct
Cyclops
97%
Wolverine
97%
M
95%
Professor X
95%
Jean Grey
93%
Magneto
93%
Beast
91%
Storm
91%
Mystique
90%
Ice-Man
89%
Rogue
89%
Gambit
88%
Nightcrawler
85%
Angel
84%
Colossus
83%
Deadpool
82%
Emma Frost
80%
Quicksilver
77%
Cable
76%
Juggernaut
76%
Jubilee
74%
Sabretooth
73%
Havok
72%
Psylocke
71%
Scarlet Witch
71%
Pyro
69%
Bishop
68%
Kitty Pryde
68%
Toad
68%
Apocalypse
66%
Banshee
63%
Polaris
63%
Sunspot
61%
X-23
60%
Blob
59%
Magik
59%
Domino
53%
Cannonball
50%
Mr. Sinister
48%
Wolfsbane
47%
Dazzler
46%
Morph
45%
Sunfire
45%
Sebastian Shaw
44%
Forge
42%
Blink
41%
Lady Deathstrike
40%
Warpath
38%
Hope Summers
33%
Moira Mactaggert
33%
X-Man
32%
Longshot
31%
William Stryker
31%
Legion
30%
Avalanche
29%
Callisto
29%
Cassandra Nova
29%
Boom Boom
28%
Caliban
28%
Silver Samurai
28%
Omega Red
27%
Armor
25%
Marrow
25%
Pixie
25%
Mojo
24%
Lilandra
23%
Sentinels
23%
Shatterstar
23%
Strong Guy
23%
Bolivar Trask
22%
Chamber
22%
Destiny
22%
Northstar
22%
Rachel Gray
22%
Cypher
21%
Dani Moonstar
20%
Madelyne Pryor
20%
Warlock
20%
Sauron
19%
Shadow King
18%
Aurora
17%
Bastion
17%
Black Tom Cassidy
16%
Cecilia Reyes
16%
Rictor
16%
Spiral
16%
Stepford Cuckoos
16%
Xorn
16%
Fantomex
15%
Madrox
14%
Exodus
13%
Nimrod
13%
Stryfe
13%
Onslaught
12%
Proteus
12%
Puck
11%
Sasquatch
11%
Senator Kelly
9%
Arcade
8%
Syrin
8%
No matching quizzes found
Score Distribution
Percent of People with Each Score
Percentile by Number Answered
Your Score History
You have not taken this quiz since the last reset